000 00383 a2200121 4500
001 ART_12039
005 20260410161902.0
008 260409a
245 1 0 _aA bayesian estimation of macro and micro ces production functions
100 1 _aTsurumi, Hiroki
700 1 _aTsurumi, Yoshi
773 0 _tJournal of econometrics
_g- Vol. 4, NÂș 1 (feb. 1976)
_wREV11720
999 _c26050
_d26050